00000000nam 2200000zi 4500
0019.883171
003CaOODSP
00520221107170508
006m     o  d f      
007cr cn|||||||||
008191227t20202020onca    ob   f000 0 eng d
020 |a9780660336268
040 |aCaOODSP|beng|erda|cCaOODSP
043 |an-cn---
0861 |aH129-27/2020E-PDF
24500|aGuidelines for Canadian drinking water quality : |bguideline technical document : Escherichia coli.
264 1|aOttawa, Ontario : |bHealth Canada = Santé Canada, |c2020.
264 4|c©2020
300 |a1 online resource (iv, 49 pages) : |billustrations (some colour)
336 |atext|btxt|2rdacontent
337 |acomputer|bc|2rdamedia
338 |aonline resource|bcr|2rdacarrier
500 |aIssued also in French under title: Recommandations pour la qualité de l'eau potable au Canada : document technique : Escherichia coli.
500 |a"March, 2020."
500 |a"Pub.: 190536."
500 |aIssued also in HTML format.
504 |aIncludes bibliographical references (pages 33-46).
650 0|aDrinking water|xStandards|zCanada.
650 0|aDrinking water|xPurification|zCanada.
650 0|aEscherichia coli.
7101 |aCanada. |bHealth Canada.
77508|tRecommandations pour la qualité de l'eau potable au Canada : |w(CaOODSP)9.883170
85640|qPDF|s783 KB|uhttps://publications.gc.ca/collections/collection_2020/sc-hc/H129-27-2020-eng.pdf
8564 |qHTML|sN/A|uhttps://www.canada.ca/en/health-canada/services/publications/healthy-living/guidelines-canadian-drinking-water-quality-guideline-technical-document-escherichia-coli.html